000 01816nam a22001577a 4500
008 190329b xxu||||| |||| 00| 0 eng d
020 _a9781941332375
082 _a709.04
_bF363e
100 _aFernández Pascual, Daniel y Schwabe, Alon
_96993
245 _aThe Empire Remains Shop
260 _aCity of New York
_bColumbia Books on Architecture and the City
_c2018
300 _a272 p.
_bill (col).
_c25,8 cm.
505 _tForeword
_rElizabeth A. Povinelli
_tUnmarketing The Board
_tThe Forest Does Not Employ Me Anymore
_rWith Forager Collective
_tBanning Taste: Boycotts, Identity, And Resistance
_rElisabetta Brighi, Laleh Khalili, Nitasha Kaul, and Daniel Conway
_tBananormativity, Transplants, and The Genetically Eroded
_tSugar, Slaves anda Sodomites
_rRichie Maitland
_tSynthetic Blood on Leopard Skin
_rRevital Cohen and Tuur van Balen
_tSpeculations on Disappearance
_tCarbolonialism: The Financialization of Forests
_rHarry Keene
_tCommercial Extinction: The Exhaustion of Exhaustion
_rFraud
_tClimavore: Under the Sea There is a Hole
_tBuy the Rumor, Sell the News
_rAsunción Molinos
_tTilling Rab Lands in a Post-Plantantion Economy: A Conversation on Caribbean Soil
_rAnalee Davis
_tThe "Next 'Invasive' is 'Native'": A Performance Lecture for Two Voices
_tDevaluing Property Real State Agency
_tWhat Spatters and Stains
_rJesse Connuck
_tToday We Are Green
_tFugitive Remains: Soil, Celluloid, and Resistant Collectivities
_rRos Gray et all.
_tMidnight Masala: Border-Fluid Toilet Cruising
_rWith a performance by Shahmen Suku/Radha La Bia
_tAn Old World in a Former New World
_tFranchise the Empire Remains Shop
_tAcknowledgments
_tContributors
_tImage Sources
650 _2Arte contemporáneo
_vArte - instalacionens
_xArte - exhibiciones
_xArte - consumo
_xArte - imperialismo
_96994
700 _aConnuck, Jesse (Editor)
_96995
999 _c1764
_d1764